000 00375nam a22001577a 4500
003 OSt
005 20240321100644.0
008 220723b xxu||||| |||| 00| 0 eng d
020 _a9789387646087
040 _cIIMT UNIVERSITY, MEERUT
100 _aVARSHENEY, M.K.
245 _aSTRENTH OF MATERIALS
260 _aASIAN
_bNEW DELHI
_c2016
300 _a432
942 _2ddc
_c02
999 _c53493
_d53493